| 000 | 00352nam a2200145Ia 4500 | ||
|---|---|---|---|
| 008 | 191201s2004 xx 000 0 und d | ||
| 082 |
_a621.815 _bBHG |
||
| 100 | _aBHATT, N D | ||
| 245 | 0 | _aGeometrical and Machine Drawing | |
| 250 | _a16th | ||
| 260 |
_aN.Delhi _bCharotar Publication _c2004 |
||
| 300 | _a408 | ||
| 650 | _aB.Tech(ME) | ||
| 942 |
_2ddc _cBK |
||
| 999 |
_c764 _d764 |
||